Statistics for The Office fan quiz 3

Click here to take the quiz!

General Stats

  • This quiz has been taken 182 times
  • The average score is 13 of 15

Answer Stats

Question Answer % Correct
Where did Andy go to college?Cornell
98%
What is the name of the tall skinny kiss ass from Sabre?Gabe
97%
In Jim's notorious prank, he puts people's office supplies in what?Jell-O
97%
What has Meredith not been bitten by: bat, cat, or raccoon?Cat
96%
What does Michael try to drag Meredith to rehab for?Alcoholism
94%
What is Phyllis's husband's company's name?Vance Refridgeration
92%
Who wins the very long named "Race for the cure" rabies charity race?Toby
90%
When Dwight thinks he is going to be Regional Manager, what color does he paint Michael's office?Black
90%
What restuarant is Pam kicked out of?Chili's
89%
What is the office park's secruity guard's name?Hank
87%
David Wallace and his son create an invention called what?Suck it
86%
Toby moves away to whaat country?Costa Rica
86%
Where does Ryan work when Michael quits Dunder Mifflin?Bowling alley
81%
What in Angela's favorite song?Little Drummer Boy
75%
The warehouse graffittis what on Pam's mural?Butts
73%

Score Distribution

Percentile by Number Answered

Percent of People with Each Score

Your Score History

You have not taken this quiz